Асимптотики нелокального уравнения гросса-питаевского, квазиклассически сосредоточенные на кривых; Перспективы развития фундаментальных наук; Т. 3 : Математика
| Parent link: | Перспективы развития фундаментальных наук=Prospects of Fundamental Sciences Development: сборник научных трудов XIII Международной конференции студентов, аспирантов и молодых ученых, г. Томск, 26-29 апреля 2016 г./ Национальный исследовательский Томский политехнический университет (ТПУ) ; под ред. И. А. Курзиной, Г. А. Вороновой.— , 2016 Т. 3 : Математика.— 2016.— [С.66-68] |
|---|---|
| Autor principal: | |
| Autores Corporativos: | , |
| Otros Autores: | |
| Sumario: | Заглавие с титульного экрана A method of constructing semiclassical asymptotics for nonlocal Gross-Pitaevskii equation (GPE),concentrated on a curve in the phase space, has been considered. Solution of the nonlocal GPE on the curve isreduced to solution of the linear equation in the class functions concentrated at the point and additionalcondition. Example of the system evolution has been considered by solving of corresponding differential equations. |
| Lenguaje: | ruso |
| Publicado: |
2016
|
| Materias: | |
| Acceso en línea: | http://earchive.tpu.ru/handle/11683/25924 |
| Formato: | Electrónico Capítulo de libro |
| KOHA link: | https://koha.lib.tpu.ru/cgi-bin/koha/opac-detail.pl?biblionumber=618228 |
MARC
| LEADER | 00000naa2a2200000 4500 | ||
|---|---|---|---|
| 001 | 618228 | ||
| 005 | 20240408160007.0 | ||
| 035 | |a (RuTPU)RU\TPU\conf\16609 | ||
| 035 | |a RU\TPU\conf\16608 | ||
| 090 | |a 618228 | ||
| 100 | |a 20160526d2016 k y0rusy50 ca | ||
| 101 | 0 | |a rus | |
| 102 | |a RU | ||
| 105 | |a y z 101zy | ||
| 135 | |a drcn ---uucaa | ||
| 181 | 0 | |a i | |
| 182 | 0 | |a b | |
| 200 | 1 | |a Асимптотики нелокального уравнения гросса-питаевского, квазиклассически сосредоточенные на кривых |d Asymptotics of the nonlocal gross-pitaevskii equation semiclassically concentrated on curves |f А. Е. Кулагин |g науч. рук. А. Ю. Трифонов | |
| 203 | |a Текст |c электронный | ||
| 300 | |a Заглавие с титульного экрана | ||
| 320 | |a [Библиогр.: с. 68 (2 назв.)] | ||
| 330 | |a A method of constructing semiclassical asymptotics for nonlocal Gross-Pitaevskii equation (GPE),concentrated on a curve in the phase space, has been considered. Solution of the nonlocal GPE on the curve isreduced to solution of the linear equation in the class functions concentrated at the point and additionalcondition. Example of the system evolution has been considered by solving of corresponding differential equations. | ||
| 461 | 1 | |0 (RuTPU)RU\TPU\conf\16353 |t Перспективы развития фундаментальных наук |l Prospects of Fundamental Sciences Development |o сборник научных трудов XIII Международной конференции студентов, аспирантов и молодых ученых, г. Томск, 26-29 апреля 2016 г. |o в 7 т. |f Национальный исследовательский Томский политехнический университет (ТПУ) ; под ред. И. А. Курзиной, Г. А. Вороновой |d 2016 | |
| 463 | 0 | |0 (RuTPU)RU\TPU\conf\16356 |t Т. 3 : Математика |v [С.66-68] |d 2016 | |
| 510 | 1 | |a Asymptotics of the nonlocal gross-pitaevskii equation semiclassically concentrated on curves |z eng | |
| 610 | 1 | |a труды учёных ТПУ | |
| 610 | 1 | |a электронный ресурс | |
| 610 | 1 | |a нелокальность | |
| 610 | 1 | |a магнитные ловушки | |
| 610 | 1 | |a линейные уравнения | |
| 610 | 1 | |a системы уравнений | |
| 610 | 1 | |a фазовые пространства | |
| 700 | 1 | |a Кулагин |b А. Е. |c математик |c доцент Томского политехнического университета, кандидат физико-математических наук |f 1992- |g Антон Евгеньевич |y Томск |3 (RuTPU)RU\TPU\pers\32403 |9 16354 | |
| 702 | 1 | |a Трифонов |b А. Ю. |c физик, математик |c профессор Томского политехнического университета, доктор физико-математических наук |f 1963- |g Андрей Юрьевич |4 727 | |
| 712 | 0 | 2 | |a Национальный исследовательский Томский политехнический университет (ТПУ) |b Физико-технический институт (ФТИ) |b Кафедра высшей математики и математической физики (ВММФ) |3 (RuTPU)RU\TPU\col\18727 |
| 712 | 0 | 2 | |a Национальный исследовательский Томский политехнический университет (ТПУ) |b Физико-технический институт (ФТИ) |b Кафедра высшей математики и математической физики (ВММФ) |b Международная лаборатория математической физики (МЛМФ) |3 (RuTPU)RU\TPU\col\21297 |
| 801 | 2 | |a RU |b 63413507 |c 20160628 |g RCR | |
| 856 | 4 | |u http://earchive.tpu.ru/handle/11683/25924 | |
| 942 | |c BK | ||